Wsparcie finansowe sektora rolno-zywnosciowego w Polsce i Wielkopolsce z krajowych i unijnych srodków budzetovych

Gespeichert in:
Bibliographische Detailangaben
Weitere Verfasser: Czternasty, Waldemar, Sapa, Agnieszka
Format: Buch
Sprache:Polnisch
Veröffentlicht: Poznan Wydawnictwo Akademii Ekonomicznej w Poznaniu 2006
Schriftenreihe:Zeszyty naukowe 74
Schlagworte:
Tags: Tag hinzufügen
Keine Tags, Fügen Sie das erste Tag hinzu!

MARC

LEADER 00000nam$a2200000$$$4500
001 0051374
005 20240104135437.9
020 |a 978-83-7417-173-1 
022 |a 1641-2168 
041 0 |a pol 
044 |a PL 
245 1 0 |a Wsparcie finansowe sektora rolno-zywnosciowego w Polsce i Wielkopolsce z krajowych i unijnych srodków budzetovych  |c redaktorzy naukowi: Waldemar Czternasty, Agnieszka Sapa 
264 1 |a Poznan  |b Wydawnictwo Akademii Ekonomicznej w Poznaniu  |c 2006 
300 |a 177 s. 
490 1 |a Zeszyty naukowe  |v 74 
830 0 |a Zeszyty naukowe  |v 74 
610 2 0 |a poľnohospodárstvo 
610 2 0 |a potravinárstvo 
610 2 0 |a pomoc finančná 
610 2 0 |a rozpočty 
610 2 0 |a integrácia ekonomická medzinárodná 
610 2 0 |a roľníci 
610 2 0 |a potraviny 
610 2 0 |a vývoz 
610 2 0 |a agroturistika 
610 2 0 |a výdavky rozpočtu štátneho 
610 2 0 |a Poľsko 
610 2 0 |a Európska únia 
700 1 |a Czternasty, Waldemar 
700 1 |a Sapa, Agnieszka